| 000 | 00569cam a22001932 4500 | ||
|---|---|---|---|
| 001 | 0000001570 | ||
| 005 | 20151217155812.0 | ||
| 008 | 070316s xx 000 0 eng d | ||
| 040 |
_aKABU _cKABU |
||
| 050 | 0 |
_aDT433.545 _b.L85M36 |
|
| 100 | 1 |
_aMboya, Paul. _@0000150424 |
|
| 245 | 1 | 0 |
_aLuo kitgi gi timbegi : _ba hand book of Luo customs. |
| 260 |
_aNairobi : _bEquatorial, _c1967. |
||
| 300 | _a208 p. | ||
| 600 | 1 | 0 |
_aLuo (African people) _xCustoms. _@0000148609 |
| 908 | _a070316 | ||
| 950 | _@1 | ||
| 999 |
_c12613 _d12613 |
||